03 - 岩手県の自治体(Text) - Statistics

General Stats
  • This quiz has been taken 13 times
  • The average score is 27 of 33
Answers on the Map
Answers color-coded by a green-red scale on the quiz's map according to % correct below.
 
Answer Stats
市町村 % Correct
一関いちのせき
100%
岩手いわてぐん 岩手いわてまち
100%
奥州おうしゅう
100%
大船渡おおふなと
100%
北上きたかみ
100%
久慈くじ
100%
二戸にのへ
100%
花巻はなまき
100%
西磐井にしいわいぐん 平泉ひらいずみちょう
100%
盛岡もりおか
100%
陸前高田りくぜんたかた
100%
二戸にのへぐん 一戸いちのへまち
83%
下閉伊しもへいぐん 岩泉いわいずみちょう
83%
釜石かまいし
83%
九戸くのへぐん 九戸くのへむら
83%
岩手いわてぐん 雫石しずくいしちょう
83%
滝沢たきざわ
83%
遠野とおの
83%
九戸くのへぐん 野田のだむら
83%
下閉伊しもへいぐん 普代ふだいむら
83%
宮古みやこ
83%
下閉伊しもへいぐん 山田やまだまち
83%
上閉伊かみへいぐん 大槌おおつちちょう
67%
九戸くのへぐん 軽米かるまいまち
67%
紫波しわぐん 紫波しわちょう
67%
和賀わがぐん 西和賀にしわがまち
67%
八幡平はちまんたい
67%
九戸くのへぐん 洋野ひろのちょう
67%
紫波しわぐん 矢巾やはばちょう
67%
胆沢いさわぐん 金ケ崎かねがさきちょう
50%
岩手いわてぐん 葛巻くずまきまち
50%
気仙けせんぐん 住田すみたちょう
50%
下閉伊しもへいぐん 田野畑たのはたむら
50%
No matching quizzes found
Score Distribution
Percent of People with Each Score
Percentile by Number Answered
Your Score History
You have not taken this quiz